000 00745nam a2200205 a 4500
001 000134271
003 AM-YeHGA
005 20250617161319.0
008 991018s1953 ||||||||||||||||||||rus d
040 _aAM-YeHGA
041 0 _arus
100 1 _aЭдельштейн, В.И.
245 1 0 _aОвощеводство :
_bУчебное пособие /
_cВ.И. Эдельштейн.
250 _a2-е изд., перераб. и доп.
260 _aМосква :
_bСельхозгиз,
_c1953.
300 _a488 с.
440 0 _aУчебники и учебные пособия для высших сельскохозяйственных учебных заведений
650 1 4 _aОвощеводство
090 _c472471
999 _c469227
_d469227